Представление документа в формате MARC21

Поле Инд. ПП Название Значение
Тип записи a
Библиографический уровень m
001 Контрольный номер 29d676143823416fb128e1848ff2ae2e
005 Дата корректировки 20260409163750.3
020 a ISBN 978-5-7995-1241-5
c Цена, тираж 1139 р. 75 к.
040 b Код языка каталог. rus
e Правила каталог. PSBO
041 0_ a Код языка текста rus
080 a Индекс УДК 378:001.891
a Индекс УДК 54
080 a Индекс УДК 621
080 a Индекс УДК 004
080 a Индекс УДК 620.9
084 a Индекс другой классификации/Индекс ББК У04
084 a Индекс другой классификации/Индекс ББК Х407.1
084 a Индекс другой классификации/Индекс ББК Ч48л
084 a Индекс другой классификации/Индекс ББК Ч481
090 a Полочн. индекс Ч48
x Авторский знак С 17
097 b Оператор *Еж*
b Оператор *Вин*
097 b Оператор *Ж*
097 b Оператор *Фа-С*
245 10 a Заглавие *Саморазвивающаяся среда технического вуза: научные исследования и экспериментальные разработки
b Продолж. заглавия материалы VI Всероссийской научно-практической конференции 20 января 2022 г., Тверь
c Ответственность под общей редакцией Т.Б. Новиченковой
c Ответственность Тверской государственный технический университет
260 a Место издания Тверь
b Издательство ТвГТУ
c Дата издания 2022
300 a Объем 132 с.
516 8_ a Прим. о типе комп. файла/ данных Текст : непосредственный
520 0_ a Аннотация В сборник включены работы, отражающие результаты научных исследований и экспериментов, выполненных учеными и преподавателями Тверского государственного технического университета и ряда других вузов и научных организаций. Материалы были представлены на научно-практической конференции, проведенной в Твери 20 января 2022 г. Рассмотрены как фундаментальные, так и прикладные аспекты современного технического, естественно-научного и социально-гуманитарного знания. Приведены материалы восьми секций конференции: «Проблемы социально-экономического развития региона», «Проблемы добычи, переработки природных ресурсов и защиты окружающей среды», «Производство строительных материалов, строительство и строительные технологии», «Машиностроение и металлообработка», «Химия, химическая и биотехнология», «Энергетика и энергосбережение», «Информационные технологии, программное обеспечение и системы автоматизации в промышленном производстве», «Социогуманитарные исследования».
653 0_ a Ключевые слова Технические ВУЗы
a Ключевые слова Саморазвивающаяся среда
a Ключевые слова Научные исследования
a Ключевые слова Экспериментальные исследования
a Ключевые слова Социально-экономическое развитие
a Ключевые слова Региональное развитие
a Ключевые слова Добыча природных ресурсов
a Ключевые слова Переработка природных ресурсов
a Ключевые слова Защита окружающей среды
a Ключевые слова Строительство
a Ключевые слова Строительные технологии
a Ключевые слова Производство строительных материалов
a Ключевые слова Машиностроение
a Ключевые слова Металлообработка
a Ключевые слова Химия
a Ключевые слова Химическая терминология
a Ключевые слова Биотехнологии
a Ключевые слова Энергоснабжение
a Ключевые слова Информационные технологии
a Ключевые слова Программное обеспечение
a Ключевые слова Производственные системы автоматизации
a Ключевые слова Социокультурные исследования
655 07 a Жанр/ форма (устаревшее) *М*
900 a Имя макрообъекта 001-000152491-000000000-0000-0000-00
901 t Тип документа s
905 b Дата создания записи обработка 21.12.22
952 e Факультет *ФИТ*
e Факультет *ХТФ*
e Факультет *ФУСК*
e Факультет *ФПИЭ*
e Факультет *ИСФ*
e Факультет *МСФ*
990 h N записи в КСУ для Б/У (DOS) 41/2022
h N записи в КСУ для Б/У (DOS) 8/2026
990 c Приоритет заказа (DOS) *д*
f Даты поступлений (DOS) 13.12.22
f Даты поступлений (DOS) 08.04.26
j Количество экземпляров (DOS) 5+4